Theoretical economics (Registro nro. 8981)
[ vista simple ]
| 000 -LEADER | |
|---|---|
| fixed length control field | 00966nas a2200229 454500 |
| 001 - CONTROL NUMBER | |
| control field | 57229 |
| 005 - DATE AND TIME OF LATEST TRANSACTION | |
| control field | 20260407193512.0 |
| 008 - FIXED-LENGTH DATA ELEMENTS--GENERAL INFORMATION | |
| fixed length control field | 260407s2005####ag###########|||spa#d |
| 003 - CONTROL NUMBER IDENTIFIER | |
| control field | AR-UNSa-BCEJYS |
| 040 ## - CATALOGING SOURCE | |
| Original cataloging agency | AR-UNSa-BCEJYS |
| Language of cataloging | spa |
| Transcribing agency | AR-UNSa-BCEJYS |
| 080 ## - UNIVERSAL DECIMAL CLASSIFICATION NUMBER | |
| Universal Decimal Classification number | 330.1 |
| Common auxiliary subdivision | Ciencia económica. Conceptos fundamentales de teoría económica. Valor. Capital. Fondos |
| 022 ## - INTERNATIONAL STANDARD SERIAL NUMBER | |
| International Standard Serial Number | 1933-6837 |
| 041 ## - LANGUAGE CODE | |
| Language code of text/sound track or separate title | spa |
| 100 1# - MAIN ENTRY--PERSONAL NAME | |
| Personal name | Osborne, Martin J. |
| 245 10 - TITLE STATEMENT | |
| Title | Theoretical economics |
| Name of part/section of a work | Journal of the econometric society |
| 264 #1 - PRODUCTION, PUBLICATION, DISTRIBUTION, MANUFACTURE, AND COPYRIGHT NOTICE | |
| Place of production, publication, distribution, manufacture | New Haven : |
| Name of producer, publisher, distributor, manufacturer | Cowles Foundation |
| Date of production, publication, distribution, manufacture, or copyright notice | 2005 |
| 310 ## - CURRENT PUBLICATION FREQUENCY | |
| Current publication frequency | Frecuencia: Trimestral<br/>Cambia de director a partir del 2013 por George J. Mailath<br/>Cambia de director a partir del 2017 por Ran Spiegler<br/>Cambia de director a partir del 2022 por Simon Board |
| 590 ## - LOCAL NOTE (RLIN) | |
| Local note | niveau_biblio:s niveau_hierar:1 |
| 650 ## - SUBJECT ADDED ENTRY--TOPICAL TERM | |
| Topical term or geographic name entry element | TEORIA ECONOMICA |
| 856 41 - ELECTRONIC LOCATION AND ACCESS | |
| Uniform Resource Identifier | <a href="https://biblioeco.unsa.edu.ar/pmb/images/revistas/R20804.jpg">https://biblioeco.unsa.edu.ar/pmb/images/revistas/R20804.jpg</a> |
| Link text | Imagen de portada |
| Electronic format type | image/jpeg |
| 942 ## - ADDED ENTRY ELEMENTS (KOHA) | |
| Koha item type | |
| Withdrawn status | Lost status | Damaged status | Not for loan | Home library | Current library | Shelving location | Date acquired | Serial enumeration / chronology | Total checkouts | Full call number | Barcode | Date last seen | Price effective from | Koha item type |
|---|---|---|---|---|---|---|---|---|---|---|---|---|---|---|
| Biblioteca Prof. Eusebio Cleto del Rey | Biblioteca Prof. Eusebio Cleto del Rey | 01/07/2022 | Vol. 17, Nº 3 - jul. 2022 | H330.1 THE v17.n3 | R20804 | 10/04/2026 | 10/04/2026 | Numero |